Nghiên cứu điều chế oxit sắt từ Fe3O4 dạng Nano : Luận văn Thạc sĩ Khoa học. Chuyên ngành: Hóa lý thuyết và hóa lý

Luận văn nghiên cứu điều chế oxit sắt từ Fe3O4 dạng nano bằng phương pháp đồng kết tủa hỗn hợp Fe3+/Fe2+ trong môi trường kiềm mạnh. Đề xuất phương pháp và điều chế oxit sắt từ (Fe3O4) có kích thước nano (10 - 100nm)....

সম্পূর্ণ বিবরণ

সংরক্ষণ করুন:
গ্রন্থ-পঞ্জীর বিবরন
প্রধান লেখক: Nguyễn, Phương Hải
বিন্যাস: গ্রন্থ
ভাষা:Undetermined
প্রকাশিত: Cần Thơ Trường Đại học Cần Thơ 2008
বিষয়গুলি:
ট্যাগগুলো: ট্যাগ যুক্ত করুন
কোনো ট্যাগ নেই, প্রথমজন হিসাবে ট্যাগ করুন!
Thư viện lưu trữ: Trung tâm Học liệu Trường Đại học Cần Thơ
LEADER 01155nam a2200217Ia 4500
001 CTU_139443
008 210402s9999 xx 000 0 und d
082 |a 541 
082 |b H103 
088 |a 60440119 
100 |a Nguyễn, Phương Hải 
245 0 |a Nghiên cứu điều chế oxit sắt từ Fe3O4 dạng Nano : 
245 0 |b Luận văn Thạc sĩ Khoa học. Chuyên ngành: Hóa lý thuyết và hóa lý 
245 0 |c Nguyễn Phương Hải; Bùi Trung (Giáo viên hướng dẫn) 
260 |a Cần Thơ 
260 |b Trường Đại học Cần Thơ 
260 |c 2008 
520 |a Luận văn nghiên cứu điều chế oxit sắt từ Fe3O4 dạng nano bằng phương pháp đồng kết tủa hỗn hợp Fe3+/Fe2+ trong môi trường kiềm mạnh. Đề xuất phương pháp và điều chế oxit sắt từ (Fe3O4) có kích thước nano (10 - 100nm). 
650 |a Vật liệu Nano,Nanostructured materials,Composite materials 
904 |i Năm 
980 |a Trung tâm Học liệu Trường Đại học Cần Thơ